| 000 | 00745nam a2200253Ia 4500 | ||
|---|---|---|---|
| 003 | OSt | ||
| 005 | 20220925223359.0 | ||
| 006 | a|||||r|||| 00| 0 | ||
| 007 | ta | ||
| 008 | 220923b |||||||| |||| 00| 0 eng d | ||
| 037 | _cGeneral Book | ||
| 040 |
_aRTL _cRTL _beng |
||
| 041 |
_2eng _aeng |
||
| 082 | _aY15.3.M5, P5 | ||
| 100 |
_aBarker Hannah _9289507 |
||
| 245 | 0 |
_aWomen's history _b Britian, 1700-1850, An introducti |
|
| 260 |
_aLondon _bRoutledge _c2005 |
||
| 300 |
_avii,288p _ccm. |
||
| 490 | _aWomen's and Gender History | ||
| 650 | _aWoman Sociologyy | ||
| 700 |
_a Challis Elaine Ed. _9289508 |
||
| 942 |
_hY15.3.M5, P5 _cGB _2CC |
||
| 999 |
_c579365 _d579365 |
||